00585nam a2200157Ia 4500008004100000100003100041245008800072245004800160260005900208260000900267650001800276650001500294856002600309999001900335952007300354170221s9999 xx 000 0 und d aSeçil Deren Van Het Hof. aInstrumental, Strategic and Political Conception of Corporate Social Responsibility cSeçil Deren Van Het Hof , Sibel Hoştut. bOnline Journal of Communication and Media Technologies c2014 xCommunication xMedia Arts uhttp://www.ojcmt.net/ c310519d310519 001040aCLbCLd2017-02-21l0r2017-02-21 00:00:00w2017-02-21yFOJ